00781nam a2200217 a 4500001000900000005001700009008004100026020001500067020001500082041000800097044000800105050002000113100002700133245008000160260002800240300004100268500019500309650002000504650002400524700001500548BRCA_18120190320202918.0870909s1988 nyua---j##---#001-0#eng-# a039489622X a0394996224 aeng anyu 4aU800b.B93 19881 aByam, Michèled1944-10aArms & armorcwritten by Michèle Byam ; [special photography, Dave King]. aNueva YorkbKnopfe1988 a63 p.bil. (algunas a color)c29 cm. aEnsayo que examina el diseño, la construccion, y las aplicaciones de las armas y de la armadura de la mano de una edad de piedra disminuye a los revolveres y a los rifles del oeste salvaje14aArmasxHistoria14aArmadurasxHistoria1 aKing, Dave